Exceptional learners : Introduction to special education

Shranjeno v:
Bibliografske podrobnosti
Glavni avtor: Hallahan, Daniel P.
Format: Knjiga
Jezik:Undetermined
Izdano: New York Pearson Education 2006
Teme:
Oznake: Označite
Brez oznak, prvi označite!
Thư viện lưu trữ: Trung tâm Học liệu Trường Đại học Cần Thơ
LEADER 00598nam a2200217Ia 4500
001 CTU_117415
008 210402s9999 xx 000 0 und d
020 |c 68.54 
082 |a 371.90973 
082 |b H181 
100 |a Hallahan, Daniel P. 
245 0 |a Exceptional learners : 
245 0 |b Introduction to special education 
245 0 |c Daniel P. Hallahan, James M. Kauffman 
260 |a New York 
260 |b Pearson Education 
260 |c 2006 
650 |a Special education 
650 |z United States 
904 |i Truc 
980 |a Trung tâm Học liệu Trường Đại học Cần Thơ